[Event "418 Stay Safe Play From Home series"]
[Site "Emanuel Lasker Arena"]
[Date "2020.08.28"]
[Round "1"]
[White "Tran Minh Thang"]
[Black "TheCHESSHOUSE"]
[Result "1-0"]
[WhiteElo "2447"]
[BlackElo "2034"]
[PlyCount "125"]
[EventDate "2020.08.28"]
[EventType "swiss (blitz)"]

1. d4 {[%emt 0:00:05]} Nf6 {[%emt 0:00:01]} 2. Bf4 {[%emt 0:00:01]} g6 {[%emt 0:00:00]} 3. e3 {[%emt 0:00:00]} Bg7 {[%emt 0:00:00]} 4. Nf3 {[%emt 0:00:02]} d6 {[%emt 0:00:01]} 5. Be2 {[%emt 0:00:00]} O-O {[%emt 0:00:00]} 6. O-O {[%emt 0:00:00]} Nc6 {[%emt 0:00:01]} 7. h3 {[%emt 0:00:00]} Re8 {[%emt 0:00:01]} 8. c3 {[%emt 0:00:00]} Bd7 {[%emt 0:00:00]} 9. a4 {[%emt 0:00:01]} a6 {[%emt 0:00:01]} 10. Nbd2 {[%emt 0:00:01]} e5 {[%emt 0:00:00]} 11. dxe5 {[%emt 0:00:00]} dxe5 {[%emt 0:00:00]} 12. Bh2 {[%emt 0:00:00]} Bf5 {[%emt 0:00:01]} 13. Nc4 {[%emt 0:00:01]} Nd7 {[%emt 0:00:03]} 14. Qb3 {[%emt 0:00:03]} b6 {[%emt 0:00:02]} 15. Rfd1 {[%emt 0:00:01]} Qe7 {[%emt 0:00:01]} 16. Qa3 {[%emt 0:00:03]} Nc5 {[%emt 0:00:01]} 17. b4 {[%emt 0:00:02]} Ne4 {[%emt 0:00:01]} 18. Nfd2 {[%emt 0:00:07]} Nxd2 {[%emt 0:00:05]} 19. Rxd2 {[%emt 0:00:00]} Be6 {[%emt 0:00:05]} 20. Rad1 {[%emt 0:00:02]} b5 {[%emt 0:00:04]} 21. Nb2 {[%emt 0:00:04]} bxa4 {[%emt 0:00:04]} 22. Qxa4 {[%emt 0:00:01]} Na7 {[%emt 0:00:02]} 23. Qxa6 {[%emt 0:00:02]} c5 {[%emt 0:00:04]} 24. Qd6 {[%emt 0:00:02]} Qf6 {[%emt 0:00:01]} 25. Qxc5 {[%emt 0:00:02]} Bf8 {[%emt 0:00:00]} 26. Qxe5 {[%emt 0:00:04]} Qe7 {[%emt 0:00:01]} 27. Qd6 {[%emt 0:00:02]} Qg5 {[%emt 0:00:01]} 28. Qf4 {[%emt 0:00:01]} Qe7 {[%emt 0:00:01]} 29. Nc4 {[%emt 0:00:01]} Nc6 {[%emt 0:00:01]} 30. Nd6 {[%emt 0:00:00]} Qc7 {[%emt 0:00:01]} 31. Ne4 {[%emt 0:00:00]} Qxf4 {[%emt 0:00:01]} 32. Bxf4 {[%emt 0:00:00]} Kg7 {[%emt 0:00:00]} 33. Bg5 {[%emt 0:00:01]} f6 {[%emt 0:00:01]} 34. Bxf6+ {[%emt 0:00:00]} Kf7 {[%emt 0:00:00]} 35. Bh4 {[%emt 0:00:01]} Be7 {[%emt 0:00:01]} 36. Nd6+ {[%emt 0:00:01]} Kf8 {[%emt 0:00:01]} 37. Nxe8 {[%emt 0:00:01]} Rxe8 {[%emt 0:00:00]} 38. Bxe7+ {[%emt 0:00:01]} Rxe7 {[%emt 0:00:00]} 39. Bf3 {[%emt 0:00:00]} Ne5 {[%emt 0:00:01]} 40. Rd8+ {[%emt 0:00:01]} Kf7 {[%emt 0:00:01]} 41. Bd5 {[%emt 0:00:00]} Nc4 {[%emt 0:00:00]} 42. Bxe6+ {[%emt 0:00:00]} Kxe6 {[%emt 0:00:00]} 43. R8d7 {[%emt 0:00:00]} Kf7 {[%emt 0:00:00]} 44. Rxe7+ {[%emt 0:00:01]} Kxe7 {[%emt 0:00:00]} 45. Rd4 {[%emt 0:00:00]} Ne5 {[%emt 0:00:00]} 46. Re4 {[%emt 0:00:01]} Kd6 {[%emt 0:00:01]} 47. Rxe5 {[%emt 0:00:00]} Kxe5 {[%emt 0:00:00]} 48. Kf1 {[%emt 0:00:00]} Kd5 {[%emt 0:00:00]} 49. b5 {[%emt 0:00:00]} Kc4 {[%emt 0:00:00]} 50. b6 {[%emt 0:00:00]} Kxc3 {[%emt 0:00:00]} 51. b7 {[%emt 0:00:00]} Kc4 {[%emt 0:00:00]} 52. b8=Q {[%emt 0:00:00]} Kd5 {[%emt 0:00:00]} 53. Qd8+ {[%emt 0:00:00]} Ke6 {[%emt 0:00:00]} 54. Qd4 {[%emt 0:00:00]} Kf7 {[%emt 0:00:00]} 55. e4 {[%emt 0:00:00]} Kg8 {[%emt 0:00:00]} 56. e5 {[%emt 0:00:00]} h5 {[%emt 0:00:00]} 57. Qd6 {[%emt 0:00:00]} Kh7 {[%emt 0:00:00]} 58. Qd7+ {[%emt 0:00:00]} Kh6 {[%emt 0:00:00]} 59. Qe7 {[%emt 0:00:00]} h4 {[%emt 0:00:00]} 60. Qxh4+ {[%emt 0:00:01]} Kg7 {[%emt 0:00:00]} 61. Qf6+ {[%emt 0:00:00]} Kh6 {[%emt 0:00:01]} 62. h4 {[%emt 0:00:00]} Kh5 {[%emt 0:00:00]} 63. Qg5# {[%emt 0:00:00] (Lag: Av=0.81s, max=1.5s) (Lag: Av=0.81s, max=1.5s) (Lag: Av=0.81s, max=1.5s)} 1-0

[Event "418 Stay Safe Play From Home series"]
[Site "Emanuel Lasker Arena"]
[Date "2020.08.28"]
[Round "1"]
[White "Nguyen Hong Anh"]
[Black "W Nelles"]
[Result "1-0"]
[WhiteElo "2247"]
[BlackElo "1241"]
[PlyCount "49"]
[EventDate "2020.08.28"]
[EventType "swiss (blitz)"]

1. d4 {[%emt 0:00:01]} d5 {[%emt 0:00:07]} 2. c4 {[%emt 0:00:00]} dxc4 {[%emt 0:00:01]} 3. Nf3 {[%emt 0:00:00]} Bf5 {[%emt 0:00:02]} 4. g3 {[%emt 0:00:00]} Nd7 {[%emt 0:00:01]} 5. Bg2 {[%emt 0:00:00]} c6 {[%emt 0:00:01]} 6. O-O {[%emt 0:00:00]} Qc7 {[%emt 0:00:02]} 7. Nbd2 {[%emt 0:00:01]} Ngf6 {[%emt 0:00:02]} 8. Nxc4 {[%emt 0:00:02]} Nb6 {[%emt 0:00:03]} 9. Bf4 {[%emt 0:00:01]} Qd7 {[%emt 0:00:04]} 10. Nfe5 {[%emt 0:00:02]} Qc8 {[%emt 0:00:09]} 11. Nxb6 {[%emt 0:00:01]} axb6 {[%emt 0:00:02]} 12. Qb3 {[%emt 0:00:01]} Be6 {[%emt 0:00:01]} 13. Qxb6 {[%emt 0:00:01]} Nd5 {[%emt 0:00:02]} 14. Qc5 {[%emt 0:00:03]} b6 {[%emt 0:00:04]} 15. Qxc6+ {[%emt 0:00:01]} Qxc6 {[%emt 0:00:01]} 16. Nxc6 {[%emt 0:00:00]} Nxf4 {[%emt 0:00:03]} 17. gxf4 {[%emt 0:00:00]} Rc8 {[%emt 0:00:02]} 18. d5 {[%emt 0:00:01]} Bf5 {[%emt 0:00:03]} 19. e3 {[%emt 0:00:01]} e6 {[%emt 0:00:01]} 20. Rfd1 {[%emt 0:00:01]} Bd6 {[%emt 0:00:02]} 21. dxe6 {[%emt 0:00:01]} Bxe6 {[%emt 0:00:02]} 22. Nd4 {[%emt 0:00:02]} Bc5 {[%emt 0:00:02]} 23. Nxe6 {[%emt 0:00:01]} fxe6 {[%emt 0:00:01]} 24. Rac1 {[%emt 0:00:00]} O-O {[%emt 0:00:02]} 25. a3 {[%emt 0:00:01] Zeit Zeit Zeit (Lag: Av=0.80s, max=1.0s) (Lag: Av=0.80s, max=1.0s) (Lag: Av=0.80s, max=1.0s)} 1-0

[Event "418 Stay Safe Play From Home series"]
[Site "Emanuel Lasker Arena"]
[Date "2020.08.28"]
[Round "1"]
[White "Lazieri3"]
[Black "NTBT_DHS"]
[Result "0-1"]
[WhiteElo "2069"]
[BlackElo "2580"]
[PlyCount "62"]
[EventDate "2020.08.28"]
[EventType "swiss (blitz)"]

1. e4 {[%emt 0:00:02]} g6 {[%emt 0:00:01]} 2. Nc3 {[%emt 0:00:00]} Bg7 {[%emt 0:00:00]} 3. Nf3 {[%emt 0:00:01]} d6 {[%emt 0:00:00]} 4. d3 {[%emt 0:00:00]} Nf6 {[%emt 0:00:00]} 5. Be3 {[%emt 0:00:00]} O-O {[%emt 0:00:00]} 6. Qd2 {[%emt 0:00:00]} c5 {[%emt 0:00:00]} 7. Bh6 {[%emt 0:00:00]} Nc6 {[%emt 0:00:00]} 8. h4 {[%emt 0:00:01]} Bg4 {[%emt 0:00:01]} 9. h5 {[%emt 0:00:01]} Qb6 {[%emt 0:00:03]} 10. O-O-O {[%emt 0:00:03]} Nd4 {[%emt 0:00:01]} 11. hxg6 {[%emt 0:00:01]} fxg6 {[%emt 0:00:00]} 12. Bxg7 {[%emt 0:00:01]} Kxg7 {[%emt 0:00:01]} 13. Qh6+ {[%emt 0:00:01]} Kf7 {[%emt 0:00:01]} 14. Ng5+ {[%emt 0:00:01]} Ke8 {[%emt 0:00:00]} 15. f3 {[%emt 0:00:02]} Bd7 {[%emt 0:00:06]} 16. Nxh7 {[%emt 0:00:01]} Nxh7 {[%emt 0:00:02]} 17. Qxg6+ {[%emt 0:00:00]} Kd8 {[%emt 0:00:02]} 18. Rxh7 {[%emt 0:00:00]} Be6 {[%emt 0:00:01]} 19. Rxe7 {[%emt 0:00:03]} Kxe7 {[%emt 0:00:03]} 20. Qg7+ {[%emt 0:00:06]} Rf7 {[%emt 0:00:01]} 21. Qg5+ {[%emt 0:00:00]} Kd7 {[%emt 0:00:00]} 22. g3 {[%emt 0:00:01]} Nxf3 {[%emt 0:00:02]} 23. Qh5 {[%emt 0:00:01]} Ne5 {[%emt 0:00:03]} 24. Bh3 {[%emt 0:00:01]} Re8 {[%emt 0:00:02]} 25. Nd5 {[%emt 0:00:02]} Qa5 {[%emt 0:00:03]} 26. Qxf7+ {[%emt 0:00:01]} Nxf7 {[%emt 0:00:01]} 27. Bxe6+ {[%emt 0:00:02]} Rxe6 {[%emt 0:00:00]} 28. a3 {[%emt 0:00:02]} Rg6 {[%emt 0:00:02]} 29. Rf1 {[%emt 0:00:03]} Ne5 {[%emt 0:00:00]} 30. Nf6+ {[%emt 0:00:02]} Rxf6 {[%emt 0:00:00]} 31. Rxf6 {[%emt 0:00:01]} Qe1# {[%emt 0:00:00] (Lag: Av=0.60s, max=0.8s) (Lag: Av=0.60s, max=0.8s) (Lag: Av=0.60s, max=0.8s)} 0-1

[Event "418 Stay Safe Play From Home series"]
[Site "Emanuel Lasker Arena"]
[Date "2020.08.28"]
[Round "1"]
[White "Yuriko"]
[Black "IceQueen"]
[Result "0-1"]
[WhiteElo "2016"]
[BlackElo "2411"]
[PlyCount "62"]
[EventDate "2020.08.28"]
[EventType "swiss (blitz)"]

1. d4 {[%emt 0:00:03]} c5 {[%emt 0:00:00]} 2. c4 {[%emt 0:00:00]} cxd4 {[%emt 0:00:01]} 3. Qxd4 {[%emt 0:00:01]} Nc6 {[%emt 0:00:01]} 4. Qd1 {[%emt 0:00:00]} Nf6 {[%emt 0:00:00]} 5. Nc3 {[%emt 0:00:00]} e5 {[%emt 0:00:00]} 6. e3 {[%emt 0:00:00]} Bc5 {[%emt 0:00:00]} 7. Be2 {[%emt 0:00:01]} O-O {[%emt 0:00:00]} 8. Qc2 {[%emt 0:00:00]} d6 {[%emt 0:00:01]} 9. Nf3 {[%emt 0:00:00]} Nb4 {[%emt 0:00:01]} 10. Qb3 {[%emt 0:00:02]} a5 {[%emt 0:00:01]} 11. a3 {[%emt 0:00:01]} Nc6 {[%emt 0:00:01]} 12. Qc2 {[%emt 0:00:01]} Bg4 {[%emt 0:00:02]} 13. O-O {[%emt 0:00:01]} Re8 {[%emt 0:00:01]} 14. h3 {[%emt 0:00:00]} Bh5 {[%emt 0:00:00]} 15. Rd1 {[%emt 0:00:03]} Bg6 {[%emt 0:00:00]} 16. Qd2 {[%emt 0:00:00]} Qd7 {[%emt 0:00:03]} 17. Nd5 {[%emt 0:00:01]} Nxd5 {[%emt 0:00:02]} 18. cxd5 {[%emt 0:00:00]} Ne7 {[%emt 0:00:00]} 19. b4 {[%emt 0:00:02]} axb4 {[%emt 0:00:01]} 20. Bb2 {[%emt 0:00:05]} bxa3 {[%emt 0:00:01]} 21. Bc3 {[%emt 0:00:00]} b5 {[%emt 0:00:04]} 22. Bb4 {[%emt 0:00:01]} Rec8 {[%emt 0:00:01]} 23. Rdc1 {[%emt 0:00:02]} Bxb4 {[%emt 0:00:01]} 24. Qxb4 {[%emt 0:00:00]} Rxc1+ {[%emt 0:00:02]} 25. Rxc1 {[%emt 0:00:01]} a2 {[%emt 0:00:00]} 26. Bxb5 {[%emt 0:00:02]} a1=Q {[%emt 0:00:03]} 27. Bxd7 {[%emt 0:00:08]} Qxc1+ {[%emt 0:00:01]} 28. Kh2 {[%emt 0:00:00]} Qc7 {[%emt 0:00:02]} 29. Bc6 {[%emt 0:00:03]} Nxc6 {[%emt 0:00:01]} 30. dxc6 {[%emt 0:00:00]} Qxc6 {[%emt 0:00:00]} 31. h4 {[%emt 0:00:02]} h6 {[%emt 0:00:01] Yuriko resigns Yuriko resigns Yuriko resigns (Lag: Av=0.43s, max=0.7s) (Lag: Av=0.43s, max=0.7s) (Lag: Av=0.43s, max=0.7s)} 0-1

[Event "418 Stay Safe Play From Home series"]
[Site "Emanuel Lasker Arena"]
[Date "2020.08.28"]
[Round "1"]
[White "Schachwerk_64"]
[Black "Gokerkan"]
[Result "0-1"]
[WhiteElo "1981"]
[BlackElo "2583"]
[Annotator "NA"]
[PlyCount "74"]
[EventDate "2020.08.28"]
[EventType "swiss (blitz)"]

1. g3 {[%emt 0:00:01]} g6 {[%emt 0:00:01]} 2. Bg2 {[%emt 0:00:00]} Bg7 {[%emt 0:00:00]} 3. d3 {[%emt 0:00:00]} d5 {[%emt 0:00:07]} 4. Nd2 {[%emt 0:00:00]} e5 {[%emt 0:00:01]} 5. e4 {[%emt 0:00:01]} Ne7 {[%emt 0:00:00]} 6. Ngf3 {[%emt 0:00:01]} O-O {[%emt 0:00:00]} 7. O-O {[%emt 0:00:01]} c5 {[%emt 0:00:01]} 8. Re1 {[%emt 0:00:00]} Nbc6 {[%emt 0:00:00]} 9. Qe2 {[%emt 0:00:00]} Re8 {[%emt 0:00:01]} 10. Nf1 {[%emt 0:00:01]} Bg4 {[%emt 0:00:01]} 11. h3 {[%emt 0:00:01]} Nd4 {[%emt 0:00:00]} 12. Qd1 {[%emt 0:00:02]} Nxf3+ {[%emt 0:00:00]} 13. Bxf3 {[%emt 0:00:01]} Bxh3 {[%emt 0:00:00]} 14. Nh2 {[%emt 0:00:01]} Be6 {[%emt 0:00:01]} 15. Bg2 {[%emt 0:00:02]} Qd7 {[%emt 0:00:01]} 16. Bf3 {[%emt 0:00:01]} Rad8 {[%emt 0:00:01]} 17. Kg2 {[%emt 0:00:01]} c4 {[%emt 0:00:01]} 18. Bg4 {[%emt 0:00:01]} cxd3 {[%emt 0:00:01]} 19. Bxe6 {[%emt 0:00:02]} Qxe6 {[%emt 0:00:00]} 20. cxd3 {[%emt 0:00:01]} dxe4 {[%emt 0:00:00]} 21. Rxe4 {[%emt 0:00:01]} Qd5 {[%emt 0:00:00]} 22. Qf3 {[%emt 0:00:02]} Qxd3 {[%emt 0:00:02]} 23. Re3 {[%emt 0:00:00]} Qd5 {[%emt 0:00:01]} 24. Qxd5 {[%emt 0:00:03]} Nxd5 {[%emt 0:00:00]} 25. b3 {[%emt 0:00:00]} e4 {[%emt 0:00:01]} 26. Re1 {[%emt 0:00:02]} Bxa1 {[%emt 0:00:02]} 27. Bg5 {[%emt 0:00:02]} Bf6 {[%emt 0:00:02]} 28. Bxf6 {[%emt 0:00:01]} Nxf6 {[%emt 0:00:00]} 29. Nf1 {[%emt 0:00:01]} Kg7 {[%emt 0:00:01]} 30. Ne3 {[%emt 0:00:01]} h5 {[%emt 0:00:00]} 31. Nc2 {[%emt 0:00:01]} Rd2 {[%emt 0:00:01]} 32. Nb4 {[%emt 0:00:00]} Ng4 {[%emt 0:00:01]} 33. Rf1 {[%emt 0:00:02]} Ne3+ {[%emt 0:00:00]} 34. Kg1 {[%emt 0:00:01]} Nxf1 {[%emt 0:00:00]} 35. Kxf1 {[%emt 0:00:00]} e3 {[%emt 0:00:00]} 36. fxe3 {[%emt 0:00:01]} Rxe3 {[%emt 0:00:00]} 37. Nd3 {[%emt 0:00:01]} Rexd3 {[%emt 0:00:01] Schachwerk_64 gibt auf Schachwerk_64 gibt auf Schachwerk_64 gibt auf (Lag: Av=0.59s, max=1.0s) (Lag: Av=0.59s, max=1.0s) (Lag: Av=0.59s, max=1.0s)} 0-1

[Event "418 Stay Safe Play From Home series"]
[Site "Emanuel Lasker Arena"]
[Date "2020.08.28"]
[Round "1"]
[White "Klasman"]
[Black "AChessPlayer"]
[Result "0-1"]
[WhiteElo "1282"]
[BlackElo "2326"]
[PlyCount "56"]
[EventDate "2020.08.28"]
[EventType "swiss (blitz)"]

1. f4 {[%emt 0:00:01]} d5 {[%emt 0:00:01]} 2. e3 {[%emt 0:00:02]} g6 {[%emt 0:00:01]} 3. d4 {[%emt 0:00:02]} Bg7 {[%emt 0:00:00]} 4. Nf3 {[%emt 0:00:02]} Nf6 {[%emt 0:00:00]} 5. c4 {[%emt 0:00:01]} c6 {[%emt 0:00:02]} 6. Nc3 {[%emt 0:00:01]} O-O {[%emt 0:00:02]} 7. Qb3 {[%emt 0:00:04]} a6 {[%emt 0:00:08]} 8. Bd2 {[%emt 0:00:01]} dxc4 {[%emt 0:00:01]} 9. Bxc4 {[%emt 0:00:02]} b5 {[%emt 0:00:00]} 10. Bd3 {[%emt 0:00:02]} Nbd7 {[%emt 0:00:01]} 11. O-O {[%emt 0:00:02]} c5 {[%emt 0:00:00]} 12. dxc5 {[%emt 0:00:04]} Nxc5 {[%emt 0:00:00]} 13. Qc2 {[%emt 0:00:11]} Qxd3 {[%emt 0:00:01]} 14. Qxd3 {[%emt 0:00:03]} Nxd3 {[%emt 0:00:00]} 15. Ne5 {[%emt 0:00:01]} Nxe5 {[%emt 0:00:02]} 16. fxe5 {[%emt 0:00:01]} Ng4 {[%emt 0:00:00]} 17. h3 {[%emt 0:00:02]} Nxe5 {[%emt 0:00:01]} 18. e4 {[%emt 0:00:01]} Bb7 {[%emt 0:00:01]} 19. Bf4 {[%emt 0:00:01]} Rad8 {[%emt 0:00:01]} 20. Rae1 {[%emt 0:00:01]} Nc4 {[%emt 0:00:00]} 21. Kh1 {[%emt 0:00:01]} Nxb2 {[%emt 0:00:01]} 22. Re2 {[%emt 0:00:01]} Bxc3 {[%emt 0:00:02]} 23. Rc2 {[%emt 0:00:04]} Bg7 {[%emt 0:00:01]} 24. e5 {[%emt 0:00:01]} Nc4 {[%emt 0:00:01]} 25. e6 {[%emt 0:00:01]} fxe6 {[%emt 0:00:01]} 26. Bc7 {[%emt 0:00:01]} Rxf1+ {[%emt 0:00:02]} 27. Kh2 {[%emt 0:00:01]} Rdd1 {[%emt 0:00:01]} 28. Re2 {[%emt 0:00:03]} Nd6 {[%emt 0:00:02] Time Time Time (Lag: Av=0.72s, max=1.5s) (Lag: Av=0.72s, max=1.5s) (Lag: Av=0.72s, max=1.5s)} 0-1

[Event "418 Stay Safe Play From Home series"]
[Site "Emanuel Lasker Arena"]
[Date "2020.08.28"]
[Round "2"]
[White "NTBT_DHS"]
[Black "Gokerkan"]
[Result "0-1"]
[WhiteElo "2582"]
[BlackElo "2584"]
[PlyCount "132"]
[EventDate "2020.08.28"]
[EventType "swiss (blitz)"]

1. d4 {[%emt 0:00:01]} c5 {[%emt 0:00:00]} 2. c4 {[%emt 0:00:00]} cxd4 {[%emt 0:00:00]} 3. Qxd4 {[%emt 0:00:00]} Nf6 {[%emt 0:00:00]} 4. Qd2 {[%emt 0:00:00]} d5 {[%emt 0:00:00]} 5. cxd5 {[%emt 0:00:01]} Qxd5 {[%emt 0:00:00]} 6. Nc3 {[%emt 0:00:01]} Qxd2+ {[%emt 0:00:01]} 7. Bxd2 {[%emt 0:00:00]} Nc6 {[%emt 0:00:00]} 8. f3 {[%emt 0:00:02]} a6 {[%emt 0:00:01]} 9. e4 {[%emt 0:00:00]} e5 {[%emt 0:00:00]} 10. Bc4 {[%emt 0:00:01]} Bc5 {[%emt 0:00:01]} 11. Nge2 {[%emt 0:00:00]} O-O {[%emt 0:00:01]} 12. Na4 {[%emt 0:00:00]} Ba7 {[%emt 0:00:01]} 13. Bb3 {[%emt 0:00:00]} Rd8 {[%emt 0:00:01]} 14. O-O-O {[%emt 0:00:02]} b5 {[%emt 0:00:03]} 15. Nac3 {[%emt 0:00:01]} Be6 {[%emt 0:00:01]} 16. Bg5 {[%emt 0:00:01]} Nd4 {[%emt 0:00:02]} 17. Nxd4 {[%emt 0:00:01]} exd4 {[%emt 0:00:01]} 18. Nd5 {[%emt 0:00:01]} Bxd5 {[%emt 0:00:02]} 19. exd5 {[%emt 0:00:02]} a5 {[%emt 0:00:04]} 20. a3 {[%emt 0:00:03]} a4 {[%emt 0:00:04]} 21. Ba2 {[%emt 0:00:00]} Rd6 {[%emt 0:00:01]} 22. Bxf6 {[%emt 0:00:04]} gxf6 {[%emt 0:00:00]} 23. Kc2 {[%emt 0:00:01]} b4 {[%emt 0:00:01]} 24. axb4 {[%emt 0:00:01]} Rb8 {[%emt 0:00:00]} 25. Rd3 {[%emt 0:00:04]} Rxb4 {[%emt 0:00:01]} 26. Re1 {[%emt 0:00:00]} Rdb6 {[%emt 0:00:03]} 27. Rb1 {[%emt 0:00:01]} R6b5 {[%emt 0:00:01]} 28. f4 {[%emt 0:00:02]} Kg7 {[%emt 0:00:01]} 29. g4 {[%emt 0:00:02]} Bb8 {[%emt 0:00:03]} 30. g5 {[%emt 0:00:02]} Bxf4 {[%emt 0:00:01]} 31. gxf6+ {[%emt 0:00:00]} Kxf6 {[%emt 0:00:01]} 32. Rf3 {[%emt 0:00:00]} Ke5 {[%emt 0:00:01]} 33. Re1+ {[%emt 0:00:01]} Be3 {[%emt 0:00:00]} 34. Rb1 {[%emt 0:00:02]} f5 {[%emt 0:00:01]} 35. Rh3 {[%emt 0:00:01]} a3 {[%emt 0:00:03]} 36. bxa3 {[%emt 0:00:01]} Rxb1 {[%emt 0:00:00]} 37. Bxb1 {[%emt 0:00:00]} Rxd5 {[%emt 0:00:00]} 38. Kd3 {[%emt 0:00:02]} Rc5 {[%emt 0:00:00]} 39. Ke2 {[%emt 0:00:01]} Rc1 {[%emt 0:00:01]} 40. Bd3 {[%emt 0:00:00]} Ra1 {[%emt 0:00:01]} 41. Rxh7 {[%emt 0:00:00]} Ra2+ {[%emt 0:00:00]} 42. Kf3 {[%emt 0:00:00]} Rf2+ {[%emt 0:00:01]} 43. Kg3 {[%emt 0:00:01]} f4+ {[%emt 0:00:00]} 44. Kh3 {[%emt 0:00:01]} f3 {[%emt 0:00:01]} 45. Rh5+ {[%emt 0:00:00]} Kd6 {[%emt 0:00:01]} 46. Be4 {[%emt 0:00:01]} Rf1 {[%emt 0:00:02]} 47. Rd5+ {[%emt 0:00:01]} Ke6 {[%emt 0:00:00]} 48. Rf5 {[%emt 0:00:01]} f2 {[%emt 0:00:01]} 49. Rf8 {[%emt 0:00:02]} Ra1 {[%emt 0:00:02]} 50. Bd3 {[%emt 0:00:00]} Rxa3 {[%emt 0:00:00]} 51. Bf1 {[%emt 0:00:00]} Bh6+ {[%emt 0:00:01]} 52. Kg2 {[%emt 0:00:01]} Bxf8 {[%emt 0:00:00]} 53. Kxf2 {[%emt 0:00:01]} d3 {[%emt 0:00:00]} 54. Ke3 {[%emt 0:00:00]} Bc5+ {[%emt 0:00:00]} 55. Kd2 {[%emt 0:00:00]} Bb4+ {[%emt 0:00:01]} 56. Kd1 {[%emt 0:00:01]} d2 {[%emt 0:00:00]} 57. Bd3 {[%emt 0:00:01]} Ra1+ {[%emt 0:00:00]} 58. Kc2 {[%emt 0:00:00]} d1=Q+ {[%emt 0:00:01]} 59. Kb2 {[%emt 0:00:00]} Qc1+ {[%emt 0:00:00]} 60. Kb3 {[%emt 0:00:00]} Bd6 {[%emt 0:00:01]} 61. Bc2 {[%emt 0:00:00]} Ra3+ {[%emt 0:00:00]} 62. Kc4 {[%emt 0:00:01]} Qb2 {[%emt 0:00:00]} 63. h4 {[%emt 0:00:01]} Qc3+ {[%emt 0:00:00]} 64. Kb5 {[%emt 0:00:01]} Ra5+ {[%emt 0:00:00]} 65. Kb6 {[%emt 0:00:01]} Qc5+ {[%emt 0:00:00]} 66. Kb7 {[%emt 0:00:00]} Ra7# {[%emt 0:00:00] (Lag: Av=0.69s, max=1.9s) (Lag: Av=0.69s, max=1.9s) (Lag: Av=0.69s, max=1.9s)} 0-1

[Event "418 Stay Safe Play From Home series"]
[Site "Emanuel Lasker Arena"]
[Date "2020.08.28"]
[Round "2"]
[White "Tran Minh Thang"]
[Black "Nguyen Hong Anh"]
[Result "1-0"]
[WhiteElo "2450"]
[BlackElo "2247"]
[PlyCount "51"]
[EventDate "2020.08.28"]
[EventType "swiss (blitz)"]

1. d4 {[%emt 0:00:01]} Nf6 {[%emt 0:00:01]} 2. Bf4 {[%emt 0:00:00]} g6 {[%emt 0:00:00]} 3. Nc3 {[%emt 0:00:00]} d5 {[%emt 0:00:01]} 4. e3 {[%emt 0:00:00]} Bg7 {[%emt 0:00:01]} 5. h4 {[%emt 0:00:00]} h5 {[%emt 0:00:01]} 6. Nf3 {[%emt 0:00:01]} O-O {[%emt 0:00:00]} 7. Be2 {[%emt 0:00:00]} c5 {[%emt 0:00:01]} 8. Ne5 {[%emt 0:00:01]} cxd4 {[%emt 0:00:01]} 9. exd4 {[%emt 0:00:01]} Nc6 {[%emt 0:00:00]} 10. Nxc6 {[%emt 0:00:02]} bxc6 {[%emt 0:00:01]} 11. Be5 {[%emt 0:00:00]} Qb6 {[%emt 0:00:01]} 12. Rb1 {[%emt 0:00:02]} Bf5 {[%emt 0:00:01]} 13. Bd3 {[%emt 0:00:01]} Bg4 {[%emt 0:00:02]} 14. f3 {[%emt 0:00:01]} Be6 {[%emt 0:00:01]} 15. Ne2 {[%emt 0:00:01]} c5 {[%emt 0:00:01]} 16. c3 {[%emt 0:00:01]} cxd4 {[%emt 0:00:02]} 17. Nxd4 {[%emt 0:00:01]} Nd7 {[%emt 0:00:02]} 18. Bxg7 {[%emt 0:00:01]} Kxg7 {[%emt 0:00:01]} 19. Qe2 {[%emt 0:00:01]} Nc5 {[%emt 0:00:01]} 20. Bc2 {[%emt 0:00:00]} Bd7 {[%emt 0:00:02]} 21. O-O {[%emt 0:00:02]} Ne6 {[%emt 0:00:02]} 22. Qe5+ {[%emt 0:00:01]} f6 {[%emt 0:00:01]} 23. Qxd5 {[%emt 0:00:02]} Rad8 {[%emt 0:00:01]} 24. Qe4 {[%emt 0:00:01]} Nxd4 {[%emt 0:00:02]} 25. Qxg6+ {[%emt 0:00:01]} Kh8 {[%emt 0:00:02]} 26. Qh7# {[%emt 0:00:00] (Lag: Av=0.77s, max=1.2s) (Lag: Av=0.77s, max=1.2s) (Lag: Av=0.77s, max=1.2s)} 1-0

[Event "418 Stay Safe Play From Home series"]
[Site "Emanuel Lasker Arena"]
[Date "2020.08.28"]
[Round "2"]
[White "AChessPlayer"]
[Black "IceQueen"]
[Result "1-0"]
[WhiteElo "2326"]
[BlackElo "2414"]
[PlyCount "101"]
[EventDate "2020.08.28"]
[EventType "swiss (blitz)"]

1. Nf3 {[%emt 0:00:02]} Nf6 {[%emt 0:00:01]} 2. g3 {[%emt 0:00:00]} g6 {[%emt 0:00:00]} 3. Bg2 {[%emt 0:00:00]} Bg7 {[%emt 0:00:00]} 4. O-O {[%emt 0:00:00]} O-O {[%emt 0:00:00]} 5. d3 {[%emt 0:00:01]} c5 {[%emt 0:00:03]} 6. c4 {[%emt 0:00:02]} d6 {[%emt 0:00:00]} 7. Nc3 {[%emt 0:00:00]} Nc6 {[%emt 0:00:00]} 8. Be3 {[%emt 0:00:01]} Bf5 {[%emt 0:00:03]} 9. Qd2 {[%emt 0:00:01]} Re8 {[%emt 0:00:02]} 10. h3 {[%emt 0:00:02]} a6 {[%emt 0:00:02]} 11. d4 {[%emt 0:00:01]} cxd4 {[%emt 0:00:06]} 12. Nxd4 {[%emt 0:00:00]} Nxd4 {[%emt 0:00:00]} 13. Bxd4 {[%emt 0:00:00]} Qd7 {[%emt 0:00:02]} 14. Kh2 {[%emt 0:00:02]} Rac8 {[%emt 0:00:02]} 15. b3 {[%emt 0:00:01]} h5 {[%emt 0:00:01]} 16. Rac1 {[%emt 0:00:01]} e5 {[%emt 0:00:01]} 17. Be3 {[%emt 0:00:01]} Red8 {[%emt 0:00:01]} 18. Bg5 {[%emt 0:00:01]} Re8 {[%emt 0:00:03]} 19. Bxf6 {[%emt 0:00:01]} Bxf6 {[%emt 0:00:01]} 20. Nd5 {[%emt 0:00:00]} Bd8 {[%emt 0:00:01]} 21. e4 {[%emt 0:00:02]} Be6 {[%emt 0:00:01]} 22. a4 {[%emt 0:00:01]} Bxd5 {[%emt 0:00:01]} 23. Qxd5 {[%emt 0:00:01]} Bb6 {[%emt 0:00:01]} 24. f4 {[%emt 0:00:01]} exf4 {[%emt 0:00:01]} 25. Rxf4 {[%emt 0:00:01]} Re5 {[%emt 0:00:03]} 26. Qd3 {[%emt 0:00:02]} Rce8 {[%emt 0:00:00]} 27. Rcf1 {[%emt 0:00:01]} R8e7 {[%emt 0:00:01]} 28. Rf6 {[%emt 0:00:02]} Bc5 {[%emt 0:00:01]} 29. h4 {[%emt 0:00:01]} Kg7 {[%emt 0:00:01]} 30. Bh3 {[%emt 0:00:01]} Qe8 {[%emt 0:00:02]} 31. Bg2 {[%emt 0:00:02]} R5e6 {[%emt 0:00:01]} 32. Qc3 {[%emt 0:00:02]} Re5 {[%emt 0:00:02]} 33. b4 {[%emt 0:00:01]} Bb6 {[%emt 0:00:02]} 34. Rxd6 {[%emt 0:00:01]} Bc7 {[%emt 0:00:03]} 35. Rd5 {[%emt 0:00:01]} Kg8 {[%emt 0:00:01]} 36. c5 {[%emt 0:00:01]} Rxd5 {[%emt 0:00:01]} 37. exd5 {[%emt 0:00:00]} Re3 {[%emt 0:00:00]} 38. Qf6 {[%emt 0:00:01]} Bxg3+ {[%emt 0:00:01]} 39. Kh1 {[%emt 0:00:00]} Re1 {[%emt 0:00:01]} 40. d6 {[%emt 0:00:01]} Rxf1+ {[%emt 0:00:01]} 41. Qxf1 {[%emt 0:00:02]} Qd8 {[%emt 0:00:02]} 42. Qd3 {[%emt 0:00:05]} Qf6 {[%emt 0:00:00]} 43. d7 {[%emt 0:00:03]} Qxh4+ {[%emt 0:00:02]} 44. Kg1 {[%emt 0:00:00]} Bh2+ {[%emt 0:00:02]} 45. Kf1 {[%emt 0:00:01]} Qf4+ {[%emt 0:00:00]} 46. Ke2 {[%emt 0:00:01]} Qe5+ {[%emt 0:00:01]} 47. Qe4 {[%emt 0:00:01]} Qf6 {[%emt 0:00:00]} 48. Qe8+ {[%emt 0:00:01]} Kg7 {[%emt 0:00:00]} 49. d8=Q {[%emt 0:00:00]} Qb2+ {[%emt 0:00:00]} 50. Qd2 {[%emt 0:00:02]} Qb3 {[%emt 0:00:00]} 51. Qe4 {[%emt 0:00:01] Time Time Time (Lag: Av=0.62s, max=1.7s) (Lag: Av=0.62s, max=1.7s) (Lag: Av=0.62s, max=1.7s)} 1-0